| 000 | 00442nam a2200181 a 4500 | ||
|---|---|---|---|
| 003 | AR-BaBNM | ||
| 005 | 20251128203342.0 | ||
| 008 | 082120s2002 ||||||||||||||000 | spa|| | ||
| 040 | _cAR-BaBNM | ||
| 245 | 0 | 0 | _aDiccionario de pedagogía Labor |
| 260 |
_aBarcelona _bLabor _c1964 |
||
| 650 | 4 | _aDICCIONARIOS | |
| 650 | 4 | _aEDUCACION | |
| 655 | _aREFERENCIA | ||
| 700 | 1 |
_aGarcía Hoz, Víctor _eprologuista |
|
| 942 | _cBK | ||
| 998 | _cCarmen | ||
| 999 |
_c3012 _d3012 |
||